000 00401cam a22001454a 4500
020 _a0764541137 (PAPER/WEBSITE)
040 _cDLC
082 0 0 _a796 WIL 2004 A087 Or.
100 1 _aImahara, Grant,
245 1 0 _aKickin' bot :
_ban illustrated guide to building combat robots /
260 _aHoboken, NJ :
_bWiley,
_cc2004
300 _axxii, 506 p. :
_bill. ;
_c24 cm
650 0 _aRobots
942 _cEK
999 _c16563
_d16563